000 00899nam a2200229 a 4500
001 1441
003 BR-CuiBMT
005 20231209174537.0
008 231209s2009 scba 000 0 por d
040 _aBR-CuiBMT
_cBR-CuiBMT
080 _22007
_a35.073.52
_x(816.4)
090 _a35.073.52(816.4)
_bS231p
110 1 _aSanta Catarina.
_bTribunal de Contas.
245 1 0 _aParecer prévio sobre as contas prestadas pelo governador do Estado :
_bexercício 2008 /
_cTribunal de contas de Santa Catarina.
260 _aFlorianópolis :
_bTribunal de Contas,
_c2009.
300 _a584 p´. :
_bil. color. ;
500 _aGestão: Governador Luiz Henrique da Silveira. Relator: Conselheiro Salomão Ribas Júnior.
650 _aAdministração pública
_zcontas
650 _aTribunal de contas
_vrelatório e parecer
_zSanta Catarina
650 _aAdministração pública
_zMato Grosso
942 _2udc
_cLV
999 _c1441
_d1441